000 00594nam a22001937a 4500
005 20180412125311.0
010 _aENG-122614
020 _c350.00
_a9788173716256
035 _aEN-106146
037 _bDBAD/PUB
082 _a530.09
100 _aNewton,Roger G
245 _aA history of physics /
_cby Roger G Newton
260 _c2008
_aHyderabad
_bUniversities Press(India) Private Limited.
270 _a3-6-747/1/A $ 3-6-754/1 Himayatnagar (A.P.)
_bHyderabad
_e500029
300 _c22cm(pbk)
_a340P.
500 _aIt includes index
942 _cEN
_2ddc
_mNEW
_h530.09
999 _c151125
_d151125